000 00495nam a2200181Ia 4500
008 210719s1995 xx 000 0 und d
020 _a8170296250
041 _aeng
082 _a621.38195 HODL
100 _aHODSON (Peter)
245 _aLocal area networks including internetworking and interconnection with WANs. Ed 2.
250 _a2
260 _aNew Delhi.
_bBPB Publications.,
_c1995
300 _aviii,223
_bPB
365 _b99
_cRs
650 _aComputer Hardware
906 _aWAN
999 _c213531
_d213531